[Event "HUN-chT2 Szechenyi 0506"]
[Site "Hungary"]
[Date "2006.03.19"]
[Round "9"]
[White "Ruszin, Rita"]
[Black "Kovacs, Janos"]
[Result "1/2-1/2"]
[WhiteElo "1858"]
[BlackElo "2129"]
[PlyCount "42"]
[EventDate "2005.10.16"]
[EventType "team"]
[EventRounds "11"]
[EventCountry "HUN"]
[SourceTitle "EXT 2009"]
[Source "ChessBase"]
[SourceDate "2008.11.26"]
[SourceVersion "1"]
[SourceVersionDate "2008.11.26"]
[SourceQuality "1"]
[WhiteTeam "Zala Volan"]
[BlackTeam "Kvarosi Zeg"]
[WhiteTeamCountry "HUN"]
[BlackTeamCountry "HUN"]

1. e4 c6 2. d4 d5 3. exd5 cxd5 4. c4 Nf6 5. Nc3 e6 6. Nf3 Nbd7 7. Be2 Be7 8. 0-0 0-0 9. a3 Qc7 10. cxd5 exd5 11. Be3 a6 12. Rc1 Qb6 13. b4 Qd6 14. Qd2 b5 15. Bf4 Qb6 16. Ne5 Bb7 17. Bf3 Rad8 18. Rfe1 Rfe8 19. Ng4 h6 20. Nxh6+ gxh6 21. Bxh6 Nf8 1/2-1/2

[Event "Cseppko op-B 11th"]
[Site "Aggtelek"]
[Date "2002.07.19"]
[Round "6"]
[White "Kovacs, Janos"]
[Black "Kalmar, Karoly"]
[Result "1/2-1/2"]
[WhiteElo "2013"]
[BlackElo "2103"]
[PlyCount "169"]
[EventDate "2002.07.??"]
[EventType "swiss"]
[EventRounds "9"]
[EventCountry "HUN"]
[SourceTitle "EXT 2004"]
[Source "ChessBase"]
[SourceDate "2003.11.25"]
[SourceVersion "1"]
[SourceVersionDate "2003.11.25"]
[SourceQuality "1"]

1. d4 d5 2. Nf3 Nf6 3. Bf4 c5 4. c3 Qb6 5. Qc2 cxd4 6. cxd4 Nc6 7. e3 Bf5 8. Qxf5 Qxb2 9. Qd3 e5 10. Nxe5 Bb4+ 11. Kd1 Ne4 12. Bg3 Qxa1 13. Nxc6 bxc6 14. Qb3 Qxb1+ 15. Qxb1 Nc3+ 16. Kc2 Nxb1 17. Kxb1 Kd7 18. Bd3 Bd6 19. Kc2 g6 20. Kc3 Rab8 21. Bc2 f5 22. Re1 Rhe8 23. Bxd6 Kxd6 24. g3 a5 25. Rd1 Rb4 26. Rb1 Rxb1 27. Bxb1 Rb8 28. Bc2 c5 29. dxc5+ Kxc5 30. h4 Rd8 31. Bb3 h6 32. Bc2 Rf8 33. Bd3 g5 34. hxg5 hxg5 35. f4 gxf4 36. gxf4 Re8 37. Kd2 d4 38. exd4+ Kxd4 39. Bxf5 Rf8 40. Be6 Rxf4 41. Kc2 Rf3 42. Kb2 Kc5 43. a4 Kb4 44. Bd7 Rf2+ 45. Kb1 Kb3 46. Bb5 Rh2 47. Kc1 Rh1+ 48. Kd2 Rb1 49. Be8 Rb2+ 50. Kd1 Kc3 51. Bb5 Rb4 52. Kc1 Rg4 53. Kb1 Kb3 54. Kc1 Rg2 55. Be8 Rg1+ 56. Kd2 Rg5 57. Kc1 Rc5+ 58. Kd2 Rc2+ 59. Kd1 Kb2 60. Bb5 Rc5 61. Kd2 Rd5+ 62. Ke3 Kc3 63. Ke4 Rh5 64. Bc6 Rh4+ 65. Ke3 Rh6 66. Bd7 Rd6 67. Bb5 Re6+ 68. Kf3 Kb3 69. Kf4 Re1 70. Kf3 Ra1 71. Ke2 Kc3 72. Be8 Ra2+ 73. Ke1 Rd2 74. Bc6 Rd4 75. Ke2 Rd6 76. Bb5 Kc2 77. Ke3 Kc3 78. Ke2 Kb4 79. Ke1 Rd4 80. Ke2 Kc3 81. Ke3 Rd2 82. Ke4 Rd1 83. Bc6 Re1+ 84. Kd5 Kb4 85. Kd4 1/2-1/2

[Event "HUN-chT2 Charousek 0001"]
[Site "Hungary"]
[Date "2001.01.21"]
[Round "5"]
[White "Kovacs, Janos"]
[Black "Szuliman, Gyula"]
[Result "1-0"]
[WhiteElo "2181"]
[BlackElo "2164"]
[PlyCount "63"]
[EventDate "2000.11.26"]
[EventType "team"]
[EventRounds "11"]
[EventCountry "HUN"]
[SourceTitle "EXT 2007"]
[Source "ChessBase"]
[SourceDate "2006.11.23"]
[SourceVersion "1"]
[SourceVersionDate "2006.11.23"]
[SourceQuality "1"]
[WhiteTeam "Statisztika II"]
[BlackTeam "Szenna Pack"]
[WhiteTeamCountry "HUN"]
[BlackTeamCountry "HUN"]

1. d4 d5 2. Nf3 Bg4 3. Ne5 Bf5 4. c4 Bxb1 5. Rxb1 dxc4 6. Qa4+ c6 7. Qxc4 e6 8. e3 Nf6 9. Be2 Be7 10. 0-0 0-0 11. Bf3 Nbd7 12. Nd3 Qa5 13. b4 Qf5 14. Qc2 Rac8 15. Re1 Ne4 16. Ne5 Ndf6 17. g4 Qg5 18. Bxe4 Nxg4 19. Nxg4 Qxg4+ 20. Bg2 f5 21. Qe2 Qh4 22. f4 Rf6 23. Qf2 Qh6 24. Kh1 Rg6 25. Rg1 Bh4 26. Qe2 Rf8 27. Bd2 Bg3 28. Bf3 Qh3 29. Bh5 Rff6 30. Bxg6 Rxg6 31. Rg2 Rh6 32. Qf3 1-0

[Event "HUN-chT2 9900"]
[Site "Hungary"]
[Date "2000.03.05"]
[Round "9"]
[White "Toth, Jozsef"]
[Black "Kovacs, Janos"]
[Result "1-0"]
[WhiteElo "2089"]
[BlackElo "2197"]
[PlyCount "57"]
[EventDate "1999.09.26"]
[EventType "team"]
[EventRounds "11"]
[EventCountry "HUN"]
[SourceTitle "EXT 2002"]
[Source "ChessBase"]
[SourceDate "2001.11.25"]
[SourceVersion "1"]
[SourceVersionDate "2001.11.25"]
[SourceQuality "1"]

1. d4 Nf6 2. Nf3 e6 3. Bg5 c5 4. e3 Qb6 5. Qc1 Ne4 6. Bf4 Nc6 7. c3 Be7 8. Bd3 f5 9. Bxe4 fxe4 10. Nfd2 d5 11. f3 cxd4 12. exd4 e5 13. Bxe5 Nxe5 14. dxe5 Bg5 15. Qd1 Qxb2 16. 0-0 e3 17. f4 Be7 18. Qb3 Qxa1 19. Nf3 Bd7 20. Na3 Qxf1+ 21. Kxf1 Bc6 22. Nb5 0-0 23. Nc7 Rac8 24. Nxd5 Bxd5 25. Qxd5+ Kh8 26. c4 Rc7 27. g3 Rfc8 28. Qe6 Bf8 29. Ng5 1-0

[Event "HUN-chT2 9900"]
[Site "Hungary"]
[Date "2000.01.23"]
[Round "6"]
[White "Kovacs, Janos"]
[Black "Molnar, Emil"]
[Result "1/2-1/2"]
[WhiteElo "2197"]
[BlackElo "2177"]
[PlyCount "97"]
[EventDate "1999.09.26"]
[EventType "team"]
[EventRounds "11"]
[EventCountry "HUN"]
[SourceTitle "EXT 2002"]
[Source "ChessBase"]
[SourceDate "2001.11.25"]
[SourceVersion "1"]
[SourceVersionDate "2001.11.25"]
[SourceQuality "1"]

1. d4 Nf6 2. c4 c5 3. Nf3 g6 4. Nc3 Bg7 5. e4 cxd4 6. Nxd4 d6 7. Be2 0-0 8. 0-0 Nc6 9. Be3 Nxd4 10. Bxd4 Be6 11. Qd2 Qa5 12. f3 Rac8 13. b3 Nd7 14. Bxg7 Kxg7 15. Qd4+ Qe5 16. Qxe5+ Nxe5 17. f4 Nxc4 18. bxc4 Bxc4 19. Rfe1 Bxe2 20. Nxe2 Rc4 21. Ng3 Rfc8 22. Rab1 b6 23. Rb2 R8c5 24. Kf2 h5 25. Kf3 Ra5 26. Nf1 Raa4 27. Nd2 Rd4 28. g3 e5 29. Nb3 Rdb4 30. Rd2 exf4 31. gxf4 f5 32. Ree2 fxe4+ 33. Ke3 Rc4 34. Rc2 d5 35. Rxc4 dxc4 36. Nd4 a6 37. Kxe4 b5 38. Kd5 Ra3 39. Re7+ Kf6 40. Re6+ Kf7 41. Re2 Rd3 42. Ke4 Ra3 43. Nc6 c3 44. Ne5+ Kf6 45. Rg2 Ra4+ 46. Ke3 g5 47. Rxg5 Rxa2 48. Rxh5 b4 49. Rh6+ 1/2-1/2

[Event "SVK-chT3C 0001"]
[Site "Slovakia"]
[Date "2000.??.??"]
[Round "4"]
[White "Dusik, Tomas"]
[Black "Kovacs, Janos"]
[Result "0-1"]
[WhiteElo "2143"]
[BlackElo "2197"]
[PlyCount "76"]
[EventDate "2000.??.??"]
[EventType "team"]
[EventRounds "9"]
[EventCountry "SVK"]
[SourceTitle "EXT 2002"]
[Source "ChessBase"]
[SourceDate "2001.11.25"]
[SourceVersion "1"]
[SourceVersionDate "2001.11.25"]
[SourceQuality "1"]

1. d4 d5 2. Nf3 Nf6 3. c4 c6 4. Nc3 e6 5. e3 Nbd7 6. Qc2 Bd6 7. e4 dxe4 8. Nxe4 Nxe4 9. Qxe4 e5 10. dxe5 0-0 11. Bd3 f5 12. Qe2 Nxe5 13. Nxe5 Bxe5 14. 0-0 Qc7 15. h3 Bd7 16. Be3 f4 17. Bc5 f3 18. Qc2 Bh2+ 19. Kh1 fxg2+ 20. Kxg2 Rf6 21. Rh1 Bd6 22. Bxh7+ Kh8 23. Bxd6 Qxd6 24. Rad1 Qe7 25. Be4 Raf8 26. f3 Rh6 27. Qd2 Be6 28. Qd6 Qf7 29. Qg3 Bxc4 30. Rd6 Be6 31. h4 Qf6 32. Rd2 Bxa2 33. h5 Be6 34. Bg6 Bd5 35. Rf1 Bf7 36. Rh1 Kg8 37. Rh2 Bxg6 38. Rd6 Qxb2+ 0-1

[Event "SVK-chT3C 0001"]
[Site "Slovakia"]
[Date "2000.??.??"]
[Round "1"]
[White "Kovacs, Janos"]
[Black "Galvanek, Ladislav"]
[Result "1-0"]
[WhiteElo "2197"]
[BlackElo "2103"]
[PlyCount "61"]
[EventDate "2000.??.??"]
[EventType "team"]
[EventRounds "9"]
[EventCountry "SVK"]
[SourceTitle "EXT 2002"]
[Source "ChessBase"]
[SourceDate "2001.11.25"]
[SourceVersion "1"]
[SourceVersionDate "2001.11.25"]
[SourceQuality "1"]

1. d4 d5 2. c4 e6 3. Nc3 c5 4. cxd5 exd5 5. Nf3 Nc6 6. e3 Nf6 7. a3 a6 8. Be2 cxd4 9. exd4 Be7 10. Bf4 0-0 11. 0-0 Qb6 12. Na4 Qa7 13. b4 Ne4 14. Rc1 Bf6 15. Nc5 Bg4 16. Be3 Rfe8 17. h3 Bf5 18. Re1 Rad8 19. Qb3 Qb6 20. b5 Na5 21. Qb4 axb5 22. Bxb5 Re7 23. Na4 Qa7 24. g4 Bd7 25. g5 Bxh3 26. gxf6 Re6 27. Ng5 Nxg5 28. Bxg5 gxf6 29. Rxe6 Bxe6 30. Qe7 Qb8 31. Qxf6 1-0

[Event "HUN-chT2 9899"]
[Site "Hungary"]
[Date "1999.??.??"]
[Round "?"]
[White "Kovacs, Janos"]
[Black "Banhazi, Istvan"]
[Result "1-0"]
[WhiteElo "2220"]
[BlackElo "2170"]
[PlyCount "113"]
[EventDate "1998.??.??"]
[EventType "team"]
[EventRounds "12"]
[EventCountry "HUN"]
[SourceTitle "EXT 2000"]
[Source "ChessBase"]
[SourceDate "1999.11.16"]
[SourceVersion "1"]
[SourceVersionDate "1999.11.16"]
[SourceQuality "1"]

1. d4 Nf6 2. c4 c5 3. Nf3 cxd4 4. Nxd4 b6 5. f3 Bb7 6. e4 d6 7. Be3 e6 8. Nc3 Be7 9. Qd2 0-0 10. Be2 a6 11. 0-0 Nbd7 12. Rfd1 Rc8 13. Rac1 Re8 14. Bf1 Bf8 15. Qf2 Qe7 16. Re1 Ne5 17. b3 Qd8 18. Red1 Nfd7 19. Be2 Nc6 20. f4 Nxd4 21. Bxd4 Nc5 22. Bf3 a5 23. Qe2 Bc6 24. e5 Bxf3 25. Qxf3 dxe5 26. Bxe5 Qh4 27. g3 Qh6 28. Nb5 Qg6 29. Rd2 h5 30. Rcd1 h4 31. g4 Ne4 32. Re2 Bc5+ 33. Kg2 f5 34. g5 Re7 35. Nc3 Nxc3 36. Bxc3 Kf7 37. Be1 Rh8 38. h3 Rc7 39. Bf2 Bxf2 40. Kxf2 Rb8 41. Re5 a4 42. Rd6 axb3 43. axb3 Ra7 44. Qe2 Re7 45. Rb5 Reb7 46. Qe3 Ra7 47. Rbxb6 Ra2+ 48. Ke1 Rba8 49. Qf3 Kg8 50. Rxe6 Ra1+ 51. Kd2 Rd8+ 52. Kc3 Qf7 53. Rbd6 Rxd6 54. Rxd6 Qe7 55. Qd5+ Kh7 56. Qxf5+ Kh8 57. Re6 1-0

[Event "HUN-chT2 9899"]
[Site "Hungary"]
[Date "1999.??.??"]
[Round "?"]
[White "Varga, Csaba"]
[Black "Kovacs, Janos"]
[Result "1/2-1/2"]
[WhiteElo "2145"]
[BlackElo "2220"]
[PlyCount "49"]
[EventDate "1998.??.??"]
[EventType "team"]
[EventRounds "12"]
[EventCountry "HUN"]
[SourceTitle "EXT 2000"]
[Source "ChessBase"]
[SourceDate "1999.11.16"]
[SourceVersion "1"]
[SourceVersionDate "1999.11.16"]
[SourceQuality "1"]

1. e4 c5 2. Nf3 d6 3. d4 cxd4 4. Nxd4 Nf6 5. Nc3 Nc6 6. f3 e6 7. Be3 Be7 8. Qd2 a6 9. g4 Qc7 10. 0-0-0 Na5 11. Kb1 b5 12. g5 Nd7 13. b3 Bb7 14. Bd3 b4 15. Nce2 d5 16. exd5 Bxd5 17. Rhg1 Bb7 18. h4 g6 19. f4 Nc5 20. Ng3 Nxd3 21. Qxd3 Rd8 22. h5 Nc6 23. hxg6 hxg6 24. Qc4 Qc8 25. Nxc6 1/2-1/2

[Event "HUN-chT2 9899"]
[Site "Hungary"]
[Date "1998.??.??"]
[Round "?"]
[White "Bordas, Gyula"]
[Black "Kovacs, Janos"]
[Result "1-0"]
[WhiteElo "2165"]
[BlackElo "2220"]
[PlyCount "81"]
[EventDate "1998.??.??"]
[EventType "team"]
[EventRounds "12"]
[EventCountry "HUN"]
[SourceTitle "EXT 2000"]
[Source "ChessBase"]
[SourceDate "1999.11.16"]
[SourceVersion "1"]
[SourceVersionDate "1999.11.16"]
[SourceQuality "1"]

1. c4 Nf6 2. Nc3 e6 3. e4 c5 4. e5 Ng8 5. Nf3 Nc6 6. d4 cxd4 7. Nxd4 Qb6 8. Nxc6 bxc6 9. a3 Ba6 10. Bd3 Qd4 11. Qe2 Ne7 12. f4 Qb6 13. Be3 Qb3 14. Rd1 Nf5 15. Bxf5 exf5 16. Qd3 Rd8 17. Nb5 Qxd3 18. Nc7+ Ke7 19. Rxd3 Bxc4 20. Bc5+ d6 21. exd6+ Kd7 22. Rd4 Be6 23. 0-0 Rb8 24. b4 Rb7 25. Re1 g6 26. a4 Bg7 27. Rd3 Rhb8 28. Rde3 Rxb4 29. Na6 Rb2 30. Nxb8+ Rxb8 31. Bxa7 Ra8 32. Bc5 Rxa4 33. Rb1 Bd4 34. Rb7+ Kd8 35. Bxd4 Rxd4 36. Ra3 Kc8 37. Rc7+ Kb8 38. Rxc6 Kb7 39. Rac3 Rxf4 40. Rc7+ Kb6 41. Rd3 1-0

[Event "HUN-chT2 9899"]
[Site "Hungary"]
[Date "1998.??.??"]
[Round "?"]
[White "Gyarmati, Peter"]
[Black "Kovacs, Janos"]
[Result "1/2-1/2"]
[WhiteElo "2165"]
[BlackElo "2220"]
[PlyCount "52"]
[EventDate "1998.??.??"]
[EventType "team"]
[EventRounds "12"]
[EventCountry "HUN"]
[SourceTitle "EXT 2000"]
[Source "ChessBase"]
[SourceDate "1999.11.16"]
[SourceVersion "1"]
[SourceVersionDate "1999.11.16"]
[SourceQuality "1"]

1. d4 Nf6 2. c4 e6 3. Nc3 Bb4 4. Qc2 0-0 5. a3 Bxc3+ 6. Qxc3 c5 7. dxc5 a5 8. Bg5 Ne4 9. Bxd8 Nxc3 10. Be7 Re8 11. Bd6 Ne4 12. f3 Nxd6 13. cxd6 e5 14. e3 b6 15. Ne2 Na6 16. Nc3 Bb7 17. Be2 Re6 18. Rd1 Rc8 19. Kf2 Rc6 20. Nb5 Rc8 21. Rd2 g6 22. Rhd1 Kg7 23. Na7 Rf8 24. Nb5 Rc8 25. Na7 Rf8 26. Nb5 Rc8 1/2-1/2

[Event "Elekes Memorial IM"]
[Site "Budapest"]
[Date "1998.??.??"]
[Round "6"]
[White "Kovacs, Janos"]
[Black "Lorincz, Istvan"]
[Result "0-1"]
[WhiteElo "2220"]
[BlackElo "2350"]
[PlyCount "52"]
[EventDate "1998.05.??"]
[EventType "tourn"]
[EventRounds "11"]
[EventCountry "HUN"]
[EventCategory "2"]
[SourceTitle "EXT 2002"]
[Source "ChessBase"]
[SourceDate "2001.11.25"]
[SourceVersion "1"]
[SourceVersionDate "2001.11.25"]
[SourceQuality "1"]

1. c4 Nf6 2. Nc3 e6 3. g3 Bb4 4. Bg2 0-0 5. a3 Bxc3 6. bxc3 c5 7. Nf3 Qc7 8. 0-0 d6 9. d3 h6 10. a4 Nc6 11. Qc2 b6 12. Ba3 Bb7 13. d4 Na5 14. Nd2 Bxg2 15. Kxg2 Rac8 16. Rfc1 Rfd8 17. e4 Qb7 18. d5 Ng4 19. Nb3 Nxc4 20. Qe2 Nge5 21. dxe6 fxe6 22. h3 d5 23. f4 Nf7 24. Re1 Nfd6 25. e5 Ne4 26. Qd3 Nxc3 0-1

[Event "Elekes Memorial IM"]
[Site "Budapest"]
[Date "1998.??.??"]
[Round "8"]
[White "Kovacs, Janos"]
[Black "Szabo, Zsolt"]
[Result "1/2-1/2"]
[WhiteElo "2220"]
[BlackElo "2345"]
[PlyCount "85"]
[EventDate "1998.05.??"]
[EventType "tourn"]
[EventRounds "11"]
[EventCountry "HUN"]
[EventCategory "2"]
[SourceTitle "EXT 2002"]
[Source "ChessBase"]
[SourceDate "2001.11.25"]
[SourceVersion "1"]
[SourceVersionDate "2001.11.25"]
[SourceQuality "1"]

1. c4 Nf6 2. Nc3 d5 3. cxd5 Nxd5 4. d4 g6 5. e4 Nxc3 6. bxc3 Bg7 7. Bb5+ c6 8. Ba4 0-0 9. Ne2 Nd7 10. Be3 e5 11. Qd2 Re8 12. f3 Nb6 13. Bb3 Be6 14. Qd3 Qe7 15. 0-0 Rad8 16. Rfd1 Nc8 17. Rac1 Nd6 18. Ng3 b5 19. d5 cxd5 20. exd5 Bf5 21. Ne4 Rc8 22. c4 bxc4 23. Bxc4 Qd7 24. Bb3 a5 25. Rc6 Nxe4 26. fxe4 Rxc6 27. dxc6 Qxd3 28. Rxd3 Bxe4 29. Rd7 Rf8 30. c7 Bf5 31. Bxf7+ Rxf7 32. c8Q+ Bf8 33. Bh6 Bxd7 34. Qd8 Bb5 35. h3 Bc4 36. Qe8 Bxa2 37. Bxf8 Rxf8 38. Qxe5 a4 39. Qc5 Bb3 40. g4 Re8 41. Qc6 Rd8 42. Qc3 Ra8 43. Qc6 1/2-1/2

[Event "Elekes Memorial IM"]
[Site "Budapest"]
[Date "1998.??.??"]
[Round "9"]
[White "Szabolcsi, Janos"]
[Black "Kovacs, Janos"]
[Result "1-0"]
[WhiteElo "2390"]
[BlackElo "2220"]
[PlyCount "77"]
[EventDate "1998.05.??"]
[EventType "tourn"]
[EventRounds "11"]
[EventCountry "HUN"]
[EventCategory "2"]
[SourceTitle "EXT 2002"]
[Source "ChessBase"]
[SourceDate "2001.11.25"]
[SourceVersion "1"]
[SourceVersionDate "2001.11.25"]
[SourceQuality "1"]

1. d4 Nf6 2. Nf3 e6 3. c4 b6 4. Nc3 Bb7 5. a3 Be7 6. d5 d6 7. e4 e5 8. Be2 Nbd7 9. 0-0 0-0 10. b4 a5 11. Bd2 axb4 12. axb4 Re8 13. Qb3 Nf8 14. Rfc1 h6 15. Ne1 Ng6 16. Nd3 Nd7 17. Nd1 Bg5 18. Be3 Bxe3 19. Nxe3 Qg5 20. g3 Nf4 21. Bg4 Nxd3 22. Qxd3 Nf6 23. Bf3 Rxa1 24. Rxa1 Nh7 25. c5 Qd8 26. Qb5 dxc5 27. bxc5 Bc8 28. cxb6 cxb6 29. Nc4 f5 30. Ra8 Bd7 31. Rxd8 Bxb5 32. Rxe8+ Bxe8 33. exf5 b5 34. Nxe5 b4 35. d6 Nf6 36. Bd1 Bb5 37. f3 Kf8 38. Kf2 Ke8 39. Ke3 1-0

[Event "HUN-chT2 9798"]
[Site "Hungary"]
[Date "1998.??.??"]
[Round "?"]
[White "Szittar, Antal"]
[Black "Kovacs, Janos"]
[Result "1/2-1/2"]
[WhiteElo "2170"]
[BlackElo "2260"]
[PlyCount "37"]
[EventDate "1997.??.??"]
[EventType "team"]
[EventRounds "11"]
[EventCountry "HUN"]
[SourceTitle "EXT 1999"]
[Source "ChessBase"]
[SourceDate "1998.11.16"]
[SourceVersion "1"]
[SourceVersionDate "1998.11.16"]
[SourceQuality "1"]

1. e4 c5 2. c3 d5 3. exd5 Qxd5 4. d4 e6 5. Nf3 Nf6 6. Be2 Be7 7. 0-0 Nc6 8. c4 Qd8 9. dxc5 Qxd1 10. Rxd1 Bxc5 11. Nc3 b6 12. a3 Bb7 13. Bg5 h6 14. Bxf6 gxf6 15. Ne4 Be7 16. Nd6+ Bxd6 17. Rxd6 Ke7 18. Rad1 Rad8 19. Rxd8 1/2-1/2

[Event "HUN-chT2 9798"]
[Site "Hungary"]
[Date "1997.??.??"]
[Round "?"]
[White "Kovacs, Janos"]
[Black "Besztercsenyi, Tibor"]
[Result "1/2-1/2"]
[WhiteElo "2260"]
[BlackElo "2305"]
[PlyCount "39"]
[EventDate "1997.??.??"]
[EventType "team"]
[EventRounds "11"]
[EventCountry "HUN"]
[SourceTitle "EXT 1999"]
[Source "ChessBase"]
[SourceDate "1998.11.16"]
[SourceVersion "1"]
[SourceVersionDate "1998.11.16"]
[SourceQuality "1"]

1. c4 Nf6 2. Nc3 c5 3. g3 Nc6 4. Bg2 g6 5. Nf3 Bg7 6. d4 cxd4 7. Nxd4 0-0 8. 0-0 Ng4 9. e3 Nge5 10. b3 d6 11. Bb2 Bg4 12. f3 Bd7 13. Qd2 a6 14. Rac1 Rb8 15. Nd5 Re8 16. f4 Ng4 17. h3 Nf6 18. Nxc6 Bxc6 19. e4 Bxd5 20. cxd5 1/2-1/2

[Event "HUN-chT2"]
[Site "Hungary"]
[Date "1997.??.??"]
[Round "?"]
[White "Kovacs, Janos"]
[Black "Bokros, Albert"]
[Result "0-1"]
[WhiteElo "2260"]
[BlackElo "2260"]
[PlyCount "82"]
[EventDate "1997.??.??"]
[EventType "team-swiss"]
[EventRounds "13"]
[EventCountry "HUN"]
[SourceTitle "EXT 2006"]
[Source "ChessBase"]
[SourceDate "2005.11.24"]
[SourceVersion "1"]
[SourceVersionDate "2005.11.24"]
[SourceQuality "1"]

1. d4 e6 2. c4 b6 3. Nf3 Nf6 4. g3 Bb7 5. Bg2 c5 6. d5 exd5 7. Nh4 b5 8. cxd5 d6 9. a4 b4 10. Nd2 Nbd7 11. Nc4 Nb6 12. Nxb6 axb6 13. 0-0 g6 14. e4 Bg7 15. Bg5 h6 16. Bd2 0-0 17. f4 Re8 18. Re1 Qd7 19. Bf3 b5 20. axb5 Rxa1 21. Qxa1 Qxb5 22. Qb1 Qc4 23. b3 Qd4+ 24. Be3 Qc3 25. Bf2 Nd7 26. e5 Ba6 27. Re3 Qd2 28. e6 Nf8 29. exf7+ Kxf7 30. Rxe8 Kxe8 31. Be4 Kd7 32. Nf3 Qe2 33. Qe1 Bc3 34. Qb1 Kc7 35. Kg2 c4 36. Bc2 cxb3 37. Bxb3 Bd3 38. Qc1 Nd7 39. g4 Nf6 40. Bd1 Qf1+ 41. Kg3 Ne4+ 0-1

[Event "HUN-chT2"]
[Site "Hungary"]
[Date "1997.??.??"]
[Round "10"]
[White "Kovacs, Janos"]
[Black "Korosparti, Sandor"]
[Result "1-0"]
[WhiteElo "2260"]
[BlackElo "2130"]
[PlyCount "133"]
[EventDate "1997.??.??"]
[EventType "team-swiss"]
[EventRounds "13"]
[EventCountry "HUN"]
[SourceTitle "EXT 2006"]
[Source "ChessBase"]
[SourceDate "2005.11.24"]
[SourceVersion "1"]
[SourceVersionDate "2005.11.24"]
[SourceQuality "1"]

1. c4 f5 2. Nc3 Nf6 3. g3 e5 4. Bg2 g6 5. e3 Bg7 6. Nge2 d6 7. d4 0-0 8. dxe5 dxe5 9. Qxd8 Rxd8 10. e4 c6 11. b3 Na6 12. Ba3 Nxe4 13. Nxe4 fxe4 14. Bxe4 Bf5 15. Bxf5 gxf5 16. Rd1 Rxd1+ 17. Kxd1 Rd8+ 18. Kc2 Nc7 19. Re1 Ne6 20. Bb2 Ng5 21. Ng1 Ne4 22. Re2 Re8 23. Nf3 Bf6 24. Ne1 Nc5 25. f4 Ne4 26. fxe5 Bxe5 27. Bxe5 Rxe5 28. Nd3 Re6 29. Nf2 Kf7 30. Nxe4 fxe4 31. Kd2 Kf6 32. Ke3 Ke5 33. Rd2 Rh6 34. b4 a6 35. a4 b6 36. b5 axb5 37. axb5 Rf6 38. bxc6 Rxc6 39. Rd5+ Ke6 40. Rd4 Kf5 41. Rxe4 Rc5 42. Rf4+ Kg5 43. Kd4 h6 44. h3 Ra5 45. Rf3 Rc5 46. Rb3 Rc6 47. Rb5+ Kf6 48. Rd5 Re6 49. g4 Rc6 50. Kc3 Re6 51. Kb4 Re3 52. Rd6+ Kg5 53. h4+ Kxh4 54. Rxh6+ Kxg4 55. Rxb6 Kf5 56. c5 Ke5 57. Kb5 Rb3+ 58. Kc6 Rh3 59. Rb1 Rc3 60. Re1+ Kd4 61. Kd6 Kc4 62. c6 Rd3+ 63. Kc7 Kd5 64. Rb1 Rc3 65. Kd7 Rh3 66. c7 Rh7+ 67. Kc8 1-0

[Event "HUN-chT2"]
[Site "Hungary"]
[Date "1997.??.??"]
[Round "9"]
[White "Kovacs, Janos"]
[Black "Szeles, Karoly"]
[Result "0-1"]
[WhiteElo "2260"]
[BlackElo "2290"]
[PlyCount "76"]
[EventDate "1997.??.??"]
[EventType "team-swiss"]
[EventRounds "13"]
[EventCountry "HUN"]
[SourceTitle "EXT 2006"]
[Source "ChessBase"]
[SourceDate "2005.11.24"]
[SourceVersion "1"]
[SourceVersionDate "2005.11.24"]
[SourceQuality "1"]

1. d4 d5 2. Nf3 c5 3. e3 Nc6 4. c3 Nf6 5. Bd3 Bg4 6. h3 Bh5 7. Nbd2 e6 8. Qa4 Nd7 9. 0-0 Be7 10. a3 0-0 11. e4 Bg6 12. Bb1 cxd4 13. exd5 Nc5 14. Qb5 a6 15. Qe2 d3 16. Qe3 Qxd5 17. Rd1 Rad8 18. Ba2 Qh5 19. Nf1 Ne4 20. Qf4 e5 21. Qg4 Kh8 22. Qxh5 Bxh5 23. g4 Bg6 24. Be3 f5 25. N3d2 fxg4 26. hxg4 Bh4 27. f3 Nf6 28. Kg2 Nd5 29. Bxd5 Rxd5 30. Ne4 Rd7 31. Nfd2 Bd8 32. Nc5 Rdf7 33. b4 Bb6 34. Rf1 Ne7 35. Nc4 Nd5 36. Bd2 Bxc5 37. bxc5 e4 38. f4 Nxf4+ 0-1

[Event "HUN-chT2 9798"]
[Site "Hungary"]
[Date "1997.??.??"]
[Round "?"]
[White "Lehmann, Zoltan"]
[Black "Kovacs, Janos"]
[Result "1/2-1/2"]
[WhiteElo "2280"]
[BlackElo "2260"]
[PlyCount "59"]
[EventDate "1997.??.??"]
[EventType "team"]
[EventRounds "11"]
[EventCountry "HUN"]
[SourceTitle "EXT 1999"]
[Source "ChessBase"]
[SourceDate "1998.11.16"]
[SourceVersion "1"]
[SourceVersionDate "1998.11.16"]
[SourceQuality "1"]

1. d4 Nf6 2. Nf3 e6 3. Bg5 c5 4. e3 Qb6 5. Qc1 Ne4 6. Bh4 Nc6 7. c3 d5 8. Bd3 Bd7 9. Nbd2 f5 10. 0-0 Rc8 11. Bc2 Bd6 12. dxc5 Bxc5 13. Nb3 Bd6 14. Qd1 Ne5 15. Bxe4 dxe4 16. Nxe5 Bxe5 17. Bg3 Bxg3 18. hxg3 Ba4 19. Qd4 Qxd4 20. Nxd4 Bd7 21. Rfd1 Ke7 22. Rac1 e5 23. Nc2 Be6 24. Nb4 Rhd8 25. Rxd8 Rxd8 26. b3 a5 27. Nc2 g5 28. Kf1 h5 29. Ke2 Bf7 30. Na3 1/2-1/2

[Event "SVK-ch op"]
[Site "Martin"]
[Date "1996.??.??"]
[Round "5"]
[White "Betko, Lubomir"]
[Black "Kovacs, Janos"]
[Result "1-0"]
[WhiteElo "2195"]
[BlackElo "2250"]
[PlyCount "71"]
[EventDate "1996.??.??"]
[EventType "swiss"]
[EventRounds "9"]
[EventCountry "SVK"]
[SourceTitle "EXT 1998"]
[Source "ChessBase"]
[SourceDate "1997.11.17"]
[SourceVersion "1"]
[SourceVersionDate "1997.11.17"]
[SourceQuality "1"]

1. e4 e5 2. Nf3 Nc6 3. Bc4 Nf6 4. Ng5 d5 5. exd5 Na5 6. Bb5+ c6 7. dxc6 bxc6 8. Bd3 Nd5 9. Ne4 Nf4 10. Bf1 f5 11. Nec3 Bd6 12. d3 Ng6 13. h4 0-0 14. h5 Ne7 15. Be2 Nd5 16. a3 Qe7 17. Kf1 Rb8 18. Qe1 Nb7 19. Bf3 Be6 20. b4 Nd8 21. Bb2 Nf7 22. Nd2 Nxc3 23. Bxc3 Bd5 24. Qe2 Rbe8 25. Re1 Ng5 26. Bxd5+ cxd5 27. f4 Ne4 28. dxe4 fxe4 29. Kg1 Bc7 30. Rh3 exf4 31. Bd4 Qg5 32. Bc5 Bb6 33. Bxb6 axb6 34. Nf1 d4 35. Qc4+ Kh8 36. Qxd4 1-0

[Event "SVK-chT 9596"]
[Site "Slovakia"]
[Date "1996.??.??"]
[Round "14"]
[White "Kovacs, Janos"]
[Black "Bombek, Peter"]
[Result "0-1"]
[WhiteElo "2250"]
[BlackElo "2280"]
[PlyCount "97"]
[EventDate "1995.??.??"]
[EventType "team"]
[EventRounds "13"]
[EventCountry "SVK"]
[SourceTitle "EXT 1998"]
[Source "ChessBase"]
[SourceDate "1997.11.17"]
[SourceVersion "1"]
[SourceVersionDate "1997.11.17"]
[SourceQuality "1"]

1. d4 d5 2. c4 c6 3. Nf3 Nf6 4. Nc3 Qb6 5. e3 Bf5 6. Bd3 Bxd3 7. Qxd3 e6 8. 0-0 Nbd7 9. cxd5 cxd5 10. Bd2 Bb4 11. Na4 Qa5 12. Bxb4 Qxb4 13. Qb3 Qxb3 14. axb3 Ke7 15. Rfc1 Rhc8 16. Nd2 Kd8 17. f3 Rxc1+ 18. Rxc1 Rc8 19. Rxc8+ Kxc8 20. Kf2 Kc7 21. Ke2 Ne8 22. Kd3 f5 23. Nc3 Kc6 24. Ne2 Nef6 25. Nc3 a6 26. Ne2 g6 27. g3 Kd6 28. Nc3 e5 29. dxe5+ Nxe5+ 30. Ke2 Nc6 31. Nd1 Kc5 32. Nf2 Nb4 33. Nd3+ Nxd3 34. Kxd3 Nd7 35. Kc3 a5 36. h3 Ne5 37. f4 Nd7 38. g4 fxg4 39. hxg4 Nf6 40. g5 Ne4+ 41. Kd3 Nxd2 42. Kxd2 Kb4 43. Kd3 Kxb3 44. Kd4 Kxb2 45. Kxd5 a4 46. e4 a3 47. e5 a2 48. e6 a1Q 49. e7 0-1